000 00524nam a22001931 4500
001 sa 68009972
003 DLC
005 20260227112549.0
008 711028s1966 ii c b 00010 eng
010 _asa 68009972
050 0 _aPK3797
_b.S2
082 _a891/.2/8
100 1 0 _aSabnis, S. A.
245 1 0 _aKālidāsa, his style and his times,
_cby S. A. Sabnis.
260 0 _aBombay,
_bN. M. Tripathi,
_c1966.
300 _aviii, 480 p.
_bport.
_c23 cm.
504 _aBibliographical footnotes.
600 0 0 _aKālidāsa.
999 _c83267
_d83267